000 00362nam a22001457a 4500
003 MACL
005 20191211170035.0
008 191211b xxu||||| |||| 00| 0 eng d
040 _cMACL
100 _aSataswati, Swami Dikshanand
_977522
245 _aAnthology of Vedic Hymns
260 _aDelhi
_bPustaklok
_c2018
650 _aReligion
_977523
942 _2ddc
_cBK
999 _c61561
_d61561